000
00249nam a2200109Ia 4500
008
230312s9999||||xx |||||||||||||| ||und||
082
_a
758.45
_b
BEA-C
100
_a
Beaney:Jan
245
0
_a
Creative embroidery
650
_a
Architecture
942
_c
BK
999
_c
14612
_d
14612